SELEZIONE TECNICA RADIO-TV. GIUGNO 1961. (Record n. 327194)

Dettagli MARC
000 -LEADER
fixed length control field 01775nas a2200277Ia 4500
001 - CONTROL NUMBER
control field R620-R8600
003 - CONTROL NUMBER IDENTIFIER
control field IT-CnALBA
008 - FIXED-LENGTH DATA ELEMENTS--GENERAL INFORMATION
fixed length control field 170116c99999999xx |||||||||||| ||und||
040 ## - CATALOGING SOURCE
Original cataloging agency IT-CnALBA
Transcribing agency IT-CnALBA
041 ## - LANGUAGE CODE
Language code of text/sound track or separate title ITALIANO
999 ## - SYSTEM CONTROL NUMBERS (KOHA)
Koha Dewey Subclass [OBSOLETE] NO
100 ## - MAIN ENTRY--PERSONAL NAME
Personal name DALMASO CESARE
210 ## - ABBREVIATED TITLE
Abbreviated title SELEZIONE TECNICA RADIO-TV
222 ## - KEY TITLE
Key title SELEZIONE TECNICA RADIO-TV
245 #0 - TITLE STATEMENT
Title SELEZIONE TECNICA RADIO-TV. GIUGNO 1961.
250 ## - EDITION STATEMENT
Edition statement 1a ed.
260 ## - PUBLICATION, DISTRIBUTION, ETC. (IMPRINT)
Place of publication, distribution, etc. S. DONATO MILANESE
Name of publisher, distributor, etc. STIEM ED.
Date of publication, distribution, etc. 1961 [1° Ed.:1961 - Ed.Ling.Originale: 1961]
300 ## - PHYSICAL DESCRIPTION
Extent 136 p.
310 ## - CURRENT PUBLICATION FREQUENCY
Current publication frequency BIMESTRALE
362 ## - DATES OF PUBLICATION AND/OR SEQUENTIAL DESIGNATION
Dates of publication and/or sequential designation Fascicolo: 6 / (1961)
500 ## - GENERAL NOTE
General note PREAMPLIFICATORE E AMPLIFICATORE A TRANSISTOR. IL TUBOFONO DEI MARZAZI. AMPLIFICATORE DIFETTOSO. FILTRI BIFONICI. APPUNTAMENTO CON IL DILETTANTE. ANTENNE RICEVENTI PER TELEVISIONE. QUIZ TECNICI. IL SECOLO DELL'ELETTRONICA. TEORIA E PRATICA DEL DISCRIMINATORE A RAPPORTO. I DODICI ZENER. PRODUZIONE G. B. C. 1962. IMPIEGO DI UN OC 26. RADIORICEVITORI AD 1 O 2 TRANSISTOR. MAPPA ELETTRONICA. G. B. C. TELETRASMITTENTE. VIDEO RISATE. CONVERTITORE AUTOSCILLANTE PER OM.
501 ## - WITH NOTE
With note Società San Paolo EM - Piazza San Paolo, 14 - 12051 ALBA (CN) (non commercial uses only) ® Copyright 2017
520 ## - SUMMARY, ETC.
Summary, etc. PREAMPLIFICATORE E AMPLIFICATORE A TRANSISTOR. IL TUBOFONO DEI MARZAZI. AMPLIFICATORE DIFETTOSO. FILTRI BIFONICI. APPUNTAMENTO CON IL DILETTANTE. ANTENNE RICEVENTI PER TELEVISIONE. QUIZ TECNICI. IL SECOLO DELL'ELETTRONICA. TEORIA E PRATICA DEL DISCRIMINATORE A RAPPORTO. I DODICI ZENER. PRODUZIONE G. B. C. 1962. IMPIEGO DI UN OC 26. RADIORICEVITORI AD 1 O 2 TRANSISTOR. MAPPA ELETTRONICA. G. B. C. TELETRASMITTENTE. VIDEO RISATE. CONVERTITORE AUTOSCILLANTE PER OM.
650 ## - SUBJECT ADDED ENTRY--TOPICAL TERM
Topical term or geographic name as entry element INGEGNERIA E ATTIVITÀ COLLEGATE
942 ## - ADDED ENTRY ELEMENTS (KOHA)
Koha item type RIVISTA
957 ## -
-- 1
999 ## - SYSTEM CONTROL NUMBERS (KOHA)
-- 1
Dati di copia
Withdrawn status Lost status Damaged status Not for loan Home library Current library Date acquired Total Checkouts Full call number Date last seen Price effective from Koha item type Public note
    Buone Condizioni Not For Loan ALBA - Biblioteca ALBA - Biblioteca 16/01/2017   R620-R8600 16/01/2017 16/01/2017 RIVISTA (data import: 16 gennaio 2017) - By Epidotti, Vaglietti.
CREDITS: SOCIETA' SAN PAOLO Via A.Severo, 58 - ROMA (RM) & PERIODICI SAN PAOLO SRL Via Giotto, 36 MILANO & CISF Via Giotto, 36 MILANO & EDIZIONI SAN PAOLO SRL,  Piazza Soncino, 5 CINISELLO BALSAMO (MI) -- ITALY